| 000 | 00657nam a22002177a 4500 | ||
|---|---|---|---|
| 003 | OSt | ||
| 005 | 20140310184508.0 | ||
| 008 | 131014t xxu||||| |||| 00| 0 eng d | ||
| 020 | _a0590436619 | ||
| 020 | _a9780590436618 | ||
| 050 |
_aE 185.61 _b.H351 1992 |
||
| 100 |
_aHaskins, Jim _929088 |
||
| 245 |
_aThe day Martin Luther King Jr., was shot : _ba photo history of the civil rights movement / _cJim Haskins. |
||
| 260 |
_aNew York : _bScholastics Inc., _c1992. |
||
| 300 |
_a96 p. : _bcol. ill. ; _c26 cm. |
||
| 521 | _aG12 | ||
| 526 | _c1140 | ||
| 650 |
_aHistory _xMartin Luther King Jr. _929089 |
||
| 942 |
_2lcc _cBK-SCHOLAS |
||
| 999 |
_c34873 _d34873 |
||